SIRLAR UÇURUMU (Record no. 899137)

MARC details
000 -LEADER
sabit uzunluktaki kontrol alanı 00241nam a2200097Ia 4500
001 - KONTROL NUMARASI
kontrol alanı 899137
005 - EN SON İŞLEMİN TARİH VE ZAMANI
kontrol alanı 20250826184443.0
008 - SABİT-UZUNLUKTA VERİ ÖĞELERİ--GENEL BİLGİ
sabit uzunluktaki kontrol alanı 250824s9999 xx 000 0 und d
245 #0 - ESER / YAZAR
ESER ADI SIRLAR UÇURUMU
Yazar Adı ALEIN KENTIGERNA
260 ## - YAYIN, DAĞITIM, VB.
YAYIN EVİ PANAMA YAYINLARI
Holdings
Düşüm durumu Kayıp durumu Hasar Durumu Ödünç verilmez Ana kütüphane Geçerli Kütüphane Edinilen tarih Toplam ödünç verme sayısı Barkod Son görüntüleme tarihi Son ödünç verme tarihi Fiyatın geçerli olmaya başladığı tarih Koha materyal türü
        MAREŞAL MUSTAFA KEMAL ORTAOKULU MAREŞAL MUSTAFA KEMAL ORTAOKULU 24.08.2025 1 106515739 08.01.2026 06.01.2026 26.08.2025 Books